000
00341nam a22001457a 4500
008
210303b ||||| |||| 00| 0 eng d
020
_a
2900195392875
041
_a
eng
080
_2
2nd
_a
572
082
_a
572
100
_a
24
101
_a
ANT
245
_a
Anthropology What Does it Mean to be Human?
_c
Lavenda, R. H
942
_2
udc
_c
BK
999
_c
55574
_d
55574